Field manual on soil and water conservation structures / (Record no. 144716)

MARC details
000 -LEADER
fixed length control field 00593nam a22001817a 4500
010 ## - LCCN (DPL NO)
LC control number ENG-120589
020 ## - INTERNATIONAL STANDARD BOOK NUMBER
Terms of availability 300.00
International Standard Book Number 9788171641673
035 ## - SYSTEM CONTROL NUMBER
System control number EN-104121
037 ## - SOURCE OF ACQUISITION
Source of stock number/acquisition DBAD/PUB
082 ## - DEWEY DECIMAL CLASSIFICATION NUMBER
Classification number 333.72
100 ## - MAIN ENTRY--PERSONAL NAME
Personal name Mishra, P.K.
245 ## - TITLE STATEMENT
Title Field manual on soil and water conservation structures /
Statement of responsibility, etc by P.K. Mishra...[et.al.]
260 ## - PUBLICATION, DISTRIBUTION, ETC. (IMPRINT)
Place of publication, distribution, etc New Delhi
Name of publisher, distributor, etc Indian Council of Agricultural Research
Date of publication, distribution, etc 2017
270 ## - ADDRESS
City New Delhi
Postal code 110001
300 ## - PHYSICAL DESCRIPTION
Extent 135p. :
Other physical details 24cm(pbk).
Dimensions ill.
500 ## - GENERAL NOTE
General note Includes bibliographical reference and index
942 ## - ADDED ENTRY ELEMENTS (KOHA)
Source of classification or shelving scheme Dewey Decimal Classification
Item type English Books
Classification part 333.72
Call number suffix FIE
Holdings
Withdrawn status Lost status Not for loan Collection code Home library Current library Date acquired Source of acquisition Cost, normal purchase price Full call number Barcode Copy number Cost, replacement price Koha item type
      Non-fiction Vinoba Puri Vinoba Puri 15/09/2017 DBAD/PUB 300.00 333.72 FIE EN-104121 1 300.00 English Books

© Delhi Public Library
Hit Counter
free hit counter